| 000 | 00662nam a2200193 a 4500 | ||
|---|---|---|---|
| 005 | 20260217062530.0 | ||
| 008 | 170808s2011 mx r 000 0 spa d | ||
| 035 | _aUPN01000219424 | ||
| 049 | _aCG | ||
| 050 | 4 |
_aHM821 _bA2.4 |
|
| 245 | 0 | 0 |
_aAccesibilidad, diversidad, inclusión, igualdad : _bguía de acción contra la discriminación, Institución Comprometida con la Inclusió (ICI). |
| 260 |
_aMéxico : _bConsejo Nacional para Prevenir la Discriminación, _c2011. |
||
| 300 |
_a54 p. : _bil., cuadros |
||
| 650 | 2 |
_aIgualdad _91585 |
|
| 650 | 4 |
_aDiscriminación _921028 |
|
| 650 | 4 |
_aEducación inclusiva _97100 |
|
| 905 | _aLibro | ||
| 999 |
_c191524 _d191524 |
||